CRSI handbook, based upon the 1971 ACI building code
Ffollows the long-established tradition of providing completed, tabulated designs of common reinforced concrete elements. The tabulated designs are for normally encountered conditions, and are based o the latest applicable code provisions and materials specifications
Guardat en:
| Format: | Llibre |
|---|---|
| Idioma: | Undetermined |
| Publicat: |
Chicago
Concrete Reinforcing Steel Institute
1972
|
| Matèries: | |
| Etiquetes: |
Afegir etiqueta
Sense etiquetes, Sigues el primer a etiquetar aquest registre!
|
| Thư viện lưu trữ: | Trung tâm Học liệu Trường Đại học Cần Thơ |
|---|
| LEADER | 01028nam a2200193Ia 4500 | ||
|---|---|---|---|
| 001 | CTU_221888 | ||
| 008 | 210402s9999 xx 000 0 und d | ||
| 082 | |a 624.1 | ||
| 082 | |b C948 | ||
| 245 | 0 | |a CRSI handbook, based upon the 1971 ACI building code | |
| 245 | 0 | |c Prepared under the direction of the Engineering Practice Committee, Concrete Reinforcing Steel Institute ; special consultants, Edward S. Hoffman, Paul E. Mast, Alfred L. Parme | |
| 260 | |a Chicago | ||
| 260 | |b Concrete Reinforcing Steel Institute | ||
| 260 | |c 1972 | ||
| 520 | |a Ffollows the long-established tradition of providing completed, tabulated designs of common reinforced concrete elements. The tabulated designs are for normally encountered conditions, and are based o the latest applicable code provisions and materials specifications | ||
| 650 | |a Reinforced concrete construction,Xây dựng bê tông cốt thép | ||
| 650 | |x Handbooks, Manuals, etc | ||
| 904 | |i Nguyên | ||
| 980 | |a Trung tâm Học liệu Trường Đại học Cần Thơ | ||